[Event "78.Santo Camp. Veneto Quarti di Finale"]
[Site "Padova ITA"]
[Date "2019.02.17"]
[Round "5.28"]
[White "Zotti, Enrico"]
[Black "Marchioro, Michele"]
[Result "1-0"]
[WhiteElo "1790"]
[BlackElo "1449"]
[Annotator "Gabriele Ballarin"]
[PlyCount "95"]
[EventDate "2019.02.15"]
[EventType "swiss"]
[EventRounds "5"]
[EventCountry "ITA"]

1. Nf3 Nf6 2. b4 g6 3. Bb2 Bg7 4. e4 d6 5. c4 O-O 6. Qc2 c5 7. b5 b6 8. h3 Bb7 9. d3 Nbd7 10. Nbd2 e6 11. g4 d5 12. g5 Nh5 13. Bxg7 Nxg7 14. O-O-O Qc7 15. Rg1 a6 16. Re1 dxe4 17. dxe4 axb5 18. cxb5 Ne5 19. Nxe5 Qxe5 20. Kb1 Qc7 21. Bc4 Ra3 22. Bb3 e5 23. h4 Ne6 24. Nf3 c4 25. Rc1 cxb3 26. Qxc7 Nxc7 27. Nxe5 Bxe4+ 28. Kb2 Nxb5 29. axb3 Rfa8 30. Ra1 Rxa1 31. Rxa1 Rxa1 32. Kxa1 Nd4 33. Kb2 Nf3 34. Nd7 b5 35. Nf6+ Kf8 36. Nxe4 Nxh4 37. Kc3 Nf3 38. Kb4 Ke7 39. Kxb5 Ke6 40. Kc4 Ne5+ 41. Kd4 Nc6+ 42. Kc5 Ne5 43. Kd4 Nc6+ 44. Ke3 Nb4 45. f4 Nc6 46. Nf6 h5 47. gxh6 Kxf6 48. Ke4 1-0

[Event "78.Santo Camp. Veneto Quarti di Finale"]
[Site "Padova ITA"]
[Date "2019.02.17"]
[Round "5.29"]
[White "Garau, Francesca"]
[Black "Toniolo, Samuel"]
[Result "0-1"]
[WhiteElo "1772"]
[BlackElo "1954"]
[Annotator "Gabriele Ballarin"]
[PlyCount "66"]
[EventDate "2019.02.15"]
[EventType "swiss"]
[EventRounds "5"]
[EventCountry "ITA"]

1. e4 c5 2. c3 Nf6 3. e5 Nd5 4. Nf3 d6 5. d4 cxd4 6. cxd4 Nc6 7. Bc4 Nb6 8. Bd3 dxe5 9. dxe5 Bg4 10. Bf4 Nd5 11. Bg3 Qa5+ 12. Nbd2 Ndb4 13. Be4 Bxf3 14. Qxf3 Nd4 15. Qd1 Qb5 16. Rc1 e6 17. Rc4 Nbc6 18. O-O Bb4 19. Bxc6+ Nxc6 20. Qb3 a6 21. Nf3 O-O 22. a4 Qb6 23. Rh4 Bc5 24. Qc2 g6 25. Qd2 Be7 26. Rh3 f5 27. Ng5 Bxg5 28. Qxg5 Qxb2 29. Qh6 Rf7 30. Bh4 Qxe5 31. Bg5 Nd4 32. Rh4 f4 33. Kh1 Nf5 0-1

[Event "78.Santo Camp. Veneto Quarti di Finale"]
[Site "Padova ITA"]
[Date "2019.02.17"]
[Round "5.30"]
[White "Gaudiosi, Andrea"]
[Black "Sibille, Ettore"]
[Result "0-1"]
[WhiteElo "1684"]
[BlackElo "1980"]
[Annotator "Gabriele Ballarin"]
[PlyCount "76"]
[EventDate "2019.02.15"]
[EventType "swiss"]
[EventRounds "5"]
[EventCountry "ITA"]

1. c4 f5 2. Nc3 Nf6 3. Nf3 d6 4. d4 g6 5. Bf4 Bg7 6. Qd2 h6 7. h4 Nh5 8. e4 Nxf4 9. Qxf4 Nc6 10. Rd1 O-O 11. e5 e6 12. Be2 Qe7 13. O-O dxe5 14. Nxe5 Nxe5 15. dxe5 Qc5 16. Rfe1 Qxe5 17. Qxe5 Bxe5 18. Bf3 Bxc3 19. bxc3 Kf7 20. g4 Rb8 21. h5 Kf6 22. Re3 e5 23. gxf5 gxf5 24. Rd5 e4 25. Bd1 Be6 26. Rd4 Rbd8 27. Bb3 c5 28. Rxd8 Rxd8 29. Rg3 Rg8 30. Rxg8 Bxg8 31. Kg2 Kg5 32. Kg3 f4+ 33. Kg2 Kg4 34. Bc2 Bh7 35. Bd1+ f3+ 36. Kh2 Kf4 37. Bc2 Bg8 38. Bb3 Bf7 0-1

[Event "5' G.P. - Noventa Padovana"]
[Site "Noventa Padovana"]
[Date "2019.10.27"]
[Round "1"]
[White "Andreose, Pietro"]
[Black "Renier, Renzo"]
[Result "0-1"]
[WhiteElo "1419"]
[BlackElo "1894"]
[Annotator "Gabriele Ballarin"]
[PlyCount "90"]
[EventDate "2019.10.27"]
[EventType "swiss"]
[EventCountry "ITA"]
[TimeControl "1500+10"]

1. e4 c5 2. Nc3 Nc6 3. g3 g6 4. Bg2 Bg7 5. d3 e5 6. Be3 d6 7. Nge2 Nge7 8. Qd2 O-O 9. O-O Rb8 10. f4 f6 11. h3 Bd7 12. g4 Nd4 13. Ng3 Qa5 (13... Qb6) 14. f5 g5 $6 (14... Rbe8) 15. Nh5 h6 16. Nd5 Qxd2 $2 (16... Qd8) 17. Nxe7+ Kf7 18. Bxd2 Kxe7 19. Nxg7 Nxc2 20. Rac1 Nd4 21. Kf2 b5 22. Nh5 b4 23. Be3 Nb5 24. Rfd1 Rfc8 25. Bf1 Be8 26. Ng3 Bf7 27. b3 Nc3 28. Rd2 Rc6 29. Rdc2 Ra6 30. d4 Rxa2 31. Rxa2 Nxa2 32. Ra1 Bxb3 33. dxc5 a5 34. cxd6+ Kxd6 35. Ne2 a4 36. Nc1 Rc8 37. Nxb3 axb3 38. Rb1 Rc2+ 39. Ke1 b2 40. Kd1 b3 41. Bd2 Kc5 42. Bd3 Nc3+ 43. Bxc3 (43. Ke1 Nxb1) 43... Rxc3 44. Rxb2 Rxd3+ 45. Kc1 Kd4 $138 0-1

[Event "5' G.P. - Noventa Padovana"]
[Site "Noventa Padovana"]
[Date "2019.10.27"]
[Round "2"]
[White "Renier, Renzo"]
[Black "Dessì, Luca"]
[Result "1-0"]
[WhiteElo "1894"]
[BlackElo "1458"]
[Annotator "Gabriele Ballarin"]
[PlyCount "75"]
[EventDate "2019.10.27"]
[EventType "swiss"]
[EventCountry "ITA"]
[TimeControl "1500+10"]

1. e4 e5 2. Nf3 Nc6 3. Bb5 a6 4. Ba4 Nf6 5. O-O d6 6. Bxc6+ (6. d4 b5 7. Bb3 Nxd4 8. Nxd4 exd4 9. c3 dxc3 10. e5 c2 11. Qxc2 dxe5 12. a4 Rb8 13. axb5 axb5 14. Bg5 Bd6) 6... bxc6 7. d4 Bg4 $6 (7... exd4 8. Qxd4 Be7 9. Nc3 O-O 10. b3 Bg4 11. Qd3 Bxf3 12. Qxf3 Nd7 13. Bb2 Bf6) 8. dxe5 Bxf3 9. Qxf3 dxe5 10. Bg5 Be7 11. Nd2 h6 12. Bxf6 Bxf6 13. Nc4 Qd4 14. b3 O-O 15. Rad1 Qc5 16. Rd7 Rac8 17. Rfd1 Rfd8 18. Qf5 Qe7 19. g3 (19. Na5) 19... Rxd7 20. Qxd7 Re8 21. Qxc6 Rd8 22. Rxd8+ Qxd8 23. Ne3 Bg5 24. Nd5 Qc8 25. h4 $6 (25. Qxc7) 25... Bxh4 26. Qxc7 Qxc7 27. Nxc7 Bd8 28. Nxa6 Bb6 29. c4 Kf8 30. c5 Bd8 31. c6 Ke7 32. c7 Bxc7 33. Nxc7 Kd6 34. Nd5 Kc5 35. a4 f5 36. b4+ Kc6 37. Ne7+ Kd6 38. Nxf5+ 1-0

[Event "5' G.P. - Noventa Padovana"]
[Site "Noventa Padovana"]
[Date "2019.10.27"]
[Round "3"]
[White "Ranzato, Paolo"]
[Black "Renier, Renzo"]
[Result "0-1"]
[WhiteElo "1747"]
[BlackElo "1894"]
[Annotator "Gabriele Ballarin"]
[PlyCount "102"]
[EventDate "2019.10.27"]
[EventType "swiss"]
[EventCountry "ITA"]
[TimeControl "1500+10"]

1. f4 c5 2. Nf3 d5 3. e3 Bg4 4. Bb5+ Nd7 5. O-O e6 6. d3 Ngf6 7. Nbd2 g6 8. Qe1 Bxf3 9. Nxf3 Bg7 10. c3 O-O 11. Bxd7 Nxd7 12. e4 Qc7 13. Qh4 Qd8 $2 (13... c4) 14. Qh3 dxe4 15. dxe4 Nf6 16. f5 exf5 (16... Nxe4 17. fxg6 hxg6 18. Bh6 Qb6) 17. exf5 Qd3 18. fxg6 hxg6 19. Bh6 Bxh6 (19... Rad8) 20. Qxh6 Ng4 $2 (20... Rad8) 21. Qh4 f5 22. Ng5 $6 (22. Rfe1) 22... Qe3+ 23. Kh1 Kg7 24. Rae1 $6 Rh8 25. Qxh8+ Rxh8 26. Rxe3 Nxe3 27. Re1 Re8 28. h3 Re7 29. Kg1 Kf6 30. h4 Nc4 31. Rxe7 Kxe7 32. b3 Ne5 33. Nf3 Nxf3+ (33... Nd3 $1) 34. gxf3 Kf6 35. Kf2 Ke5 36. Ke3 b6 37. f4+ Kd5 38. c4+ Kd6 39. Kd3 Kc6 40. Kc3 Kd6 41. b4 Kc6 42. a3 Kd6 43. Kd3 cxb4 44. axb4 a5 45. bxa5 $4 (45. Kc3 Kc6 (45... a4 46. Kb2 Kc6 47. Ka3 b5 48. c5 Kd5) 46. Kb3 Kd7 47. Kc3) 45... bxa5 46. Kc3 Kc5 47. Kb3 a4+ 48. Kxa4 Kxc4 49. Ka3 Kd4 50. Kb3 Ke4 51. Kc3 Kxf4 0-1

[Event "5' G.P. - Noventa Padovana"]
[Site "Noventa Padovana"]
[Date "2019.10.27"]
[Round "4"]
[White "Renier, Renzo"]
[Black "Di Meo, Antonio"]
[Result "1/2-1/2"]
[WhiteElo "1894"]
[BlackElo "1821"]
[Annotator "Gabriele Ballarin"]
[PlyCount "49"]
[EventDate "2019.10.27"]
[EventType "swiss"]
[EventCountry "ITA"]
[TimeControl "1500+10"]

1. e4 e6 2. d4 {(=)} a6 3. Bd3 b5 4. Nf3 Bb7 5. O-O c5 6. c3 Nf6 7. Re1 Be7 8. Bg5 Qb6 9. Bxf6 gxf6 10. Nbd2 Rg8 11. Nf1 h5 12. h4 Qc7 13. Ng3 Nc6 14. Rc1 Qf4 15. Nxh5 Qg4 16. Ng3 f5 17. exf5 O-O-O 18. Be4 Bd6 19. Ne5 Qxh4 20. Nxf7 Bxg3 21. fxg3 Qxg3 22. Qf3 Qxf3 23. Bxf3 Rdf8 24. fxe6 dxe6 25. Bh5 {(Patta dopo un lungo finale)} (25. Nd6+ Kc7 26. Nxb7 Rxf3 27. Nxc5) 1/2-1/2

[Event "5' G.P. - Noventa Padovana"]
[Site "Noventa Padovana"]
[Date "2019.10.27"]
[Round "5"]
[White "Ranieri, Pierpaolo"]
[Black "Renier, Renzo"]
[Result "1/2-1/2"]
[WhiteElo "1706"]
[BlackElo "1894"]
[Annotator "Gabriele Ballarin"]
[PlyCount "110"]
[EventDate "2019.10.27"]
[EventType "swiss"]
[EventCountry "ITA"]
[TimeControl "1500+10"]

1. d4 Nf6 2. Nf3 g6 3. Nbd2 Bg7 4. e4 O-O 5. e5 Ne8 6. Bc4 d6 7. Qe2 Nc6 8. e6 d5 9. exf7+ Rxf7 10. Bb3 e5 (10... Nxd4) 11. dxe5 Nxe5 12. Nxe5 Bxe5 13. Nf3 Bg4 $2 14. Bg5 $6 (14. Qxe5 $3 Re7 15. Bxd5+ Kf8 16. Bh6+ Ng7 17. Bxg7+ Ke8 18. O-O-O Rxe5 19. Bc6+ bxc6 20. Rxd8+ Rxd8 21. Bxe5) 14... Bf6 15. Bxf6 Rxf6 16. O-O-O c6 17. c4 Nc7 18. Rhe1 Bxf3 19. gxf3 Re6 20. Qd3 Qg5+ 21. Kb1 Rae8 (21... Rxe1 22. Rxe1 Rf8) 22. Rxe6 Rxe6 23. cxd5 Nxd5 24. Bxd5 cxd5 25. Qxd5 Qxd5 26. Rxd5 Re1+ (26... Re2) 27. Kc2 Re2+ $6 (27... Rf1) 28. Rd2 Re5 (28... Rxd2+ 29. Kxd2 Kf7 30. Kd3 Kf6 31. Ke4 Ke6 32. f4 Kf6 33. a3 Ke6 34. b4 Kf6 35. a4 Ke6 36. a5 a6 37. f3) 29. Rd8+ Kg7 30. Rd7+ Kh6 31. Kd3 Rb5 32. b3 a5 33. Kc4 Rb4+ 34. Kc5 b6+ 35. Kc6 a4 36. Rd3 g5 37. bxa4 Rxa4 38. a3 Rh4 39. Kxb6 Rxh2 40. a4 Rxf2 41. Rb3 Ra2 42. a5 Kg6 43. a6 h5 44. Kb7 h4 45. a7 h3 46. Rb6+ Kf5 47. a8=Q Rxa8 48. Kxa8 Kf4 49. Rf6+ Kg3 50. Rg6 Kf4 (50... h2 51. Rxg5+ Kh4 52. Rg8) 51. Rf6+ Kg3 52. Rg6 Kxf3 53. Rxg5 h2 54. Rh5 Kg2 55. Rxh2+ Kxh2 1/2-1/2

[Event "79.ch-ITA"]
[Site "Padova ITA"]
[Date "2019.11.24"]
[Round "1.1"]
[White "Bellia, Fabrizio"]
[Black "Brunello, Sabino"]
[Result "0-1"]
[WhiteElo "2433"]
[BlackElo "2549"]
[Annotator "Gabriele Ballarin"]
[PlyCount "58"]
[EventDate "2019.11.24"]
[EventType "tourn"]
[EventRounds "11"]
[EventCountry "ITA"]
[EventCategory "9"]
[SourceTitle "The Week in Chess 1307"]
[Source "Mark Crowther"]
[SourceDate "2019.11.25"]
[SourceVersion "1"]
[SourceVersionDate "2019.11.25"]
[SourceQuality "2"]

1. e4 c6 2. d4 d5 3. e5 Bf5 4. h4 h5 5. Bd3 Bxd3 6. Qxd3 e6 7. Bg5 Qb6 8. Nc3 c5 9. dxc5 Bxc5 10. O-O-O Nc6 11. Nf3 Nge7 12. a3 Rc8 13. Kb1 Bxf2 14. Bxe7 Nxe7 15. Rhf1 O-O 16. Nb5 Bc5 17. Ng5 Nf5 18. Rxf5 exf5 19. Nc3 Bxa3 20. Na4 Qc6 21. Qxf5 g6 22. Qd3 Qxa4 23. e6 Be7 24. exf7+ Kg7 25. Ne6+ Kxf7 26. Nxf8 Rxf8 27. Qxd5+ Kg7 28. Qxb7 Rf7 29. Qd5 Qxh4 0-1

[Event "79.ch-ITA"]
[Site "Padova ITA"]
[Date "2019.11.24"]
[Round "1.2"]
[White "Stella, A."]
[Black "Barp, Alberto"]
[Result "1/2-1/2"]
[WhiteElo "2475"]
[BlackElo "2382"]
[Annotator "Gabriele Ballarin"]
[PlyCount "58"]
[EventDate "2019.11.24"]
[EventType "tourn"]
[EventRounds "11"]
[EventCountry "ITA"]
[EventCategory "9"]
[SourceTitle "The Week in Chess 1307"]
[Source "Mark Crowther"]
[SourceDate "2019.11.25"]
[SourceVersion "1"]
[SourceVersionDate "2019.11.25"]
[SourceQuality "2"]

1. d4 d5 2. c4 e6 3. Nf3 Nf6 4. Nc3 Bb4 5. cxd5 exd5 6. Bg5 h6 7. Bh4 O-O 8. e3 Bf5 9. Qb3 Bxc3+ 10. bxc3 Nbd7 11. Be2 c5 12. dxc5 g5 13. Nd4 Bh7 14. c6 bxc6 15. Nxc6 Qc7 16. Ne7+ Kg7 17. Bg3 Qc5 18. Qb4 Rfe8 19. Qxc5 Nxc5 20. Nc6 Rac8 21. Nxa7 Ra8 22. Nc6 Nb3 23. Rd1 Rxa2 24. Nb4 Ra5 25. Bf3 g4 26. Be2 h5 27. c4 dxc4 28. Bxc4 Re4 29. Nc6 Rxc4 1/2-1/2

[Event "79.ch-ITA"]
[Site "Padova ITA"]
[Date "2019.11.24"]
[Round "1.3"]
[White "Brunello, Marina"]
[Black "Di Benedetto, Edoardo"]
[Result "1/2-1/2"]
[WhiteElo "2378"]
[BlackElo "2396"]
[Annotator "Gabriele Ballarin"]
[PlyCount "62"]
[EventDate "2019.11.24"]
[EventType "tourn"]
[EventRounds "11"]
[EventCountry "ITA"]
[EventCategory "9"]
[SourceTitle "The Week in Chess 1307"]
[Source "Mark Crowther"]
[SourceDate "2019.11.25"]
[SourceVersion "1"]
[SourceVersionDate "2019.11.25"]
[SourceQuality "2"]

1. e4 e6 2. d4 d5 3. e5 c5 4. c3 Nc6 5. Nf3 Qb6 6. Be2 cxd4 7. cxd4 Nh6 8. Bxh6 Qxb2 9. Nbd2 gxh6 10. Nb3 Bb4+ 11. Kf1 Bd7 12. a3 Bc3 13. Rb1 Qxa3 14. Nc5 Na5 15. Nxb7 Nxb7 16. Rxb7 Rc8 17. g3 Bb4 18. Kg2 Bc6 19. Bb5 Bxb5 20. Rxb5 O-O 21. Nh4 Be7 22. Qg4+ Kh8 23. Rhb1 Qd3 24. Nf3 Qe4 25. Qh5 Kg7 26. Rb7 Rfe8 27. Ra1 Ra8 28. Rc1 Qg6 29. Qxg6+ hxg6 30. Rcc7 Kf8 31. Rxa7 Rxa7 1/2-1/2

[Event "79.ch-ITA"]
[Site "Padova ITA"]
[Date "2019.11.24"]
[Round "1.4"]
[White "David, Alberto"]
[Black "Moroni, Luca Jr"]
[Result "1-0"]
[WhiteElo "2542"]
[BlackElo "2541"]
[Annotator "Gabriele Ballarin"]
[PlyCount "154"]
[EventDate "2019.11.24"]
[EventType "tourn"]
[EventRounds "11"]
[EventCountry "ITA"]
[EventCategory "9"]
[SourceTitle "The Week in Chess 1307"]
[Source "Mark Crowther"]
[SourceDate "2019.11.25"]
[SourceVersion "1"]
[SourceVersionDate "2019.11.25"]
[SourceQuality "2"]

1. Nf3 d5 2. g3 Nf6 3. Bg2 c5 4. O-O Nc6 5. d3 g6 6. c4 Bg7 7. Nc3 d4 8. Na4 Qd6 9. a3 Bd7 10. b4 cxb4 11. axb4 Qxb4 12. Bf4 Nh5 13. Rb1 Qa5 14. Bd2 Qc7 15. Nc5 Bc8 16. Qa4 O-O 17. Rb3 Nf6 18. Rfb1 Nd7 19. Nxd7 Qxd7 20. Ng5 Qc7 21. Ne4 Nd8 22. Ba5 Qe5 23. Qa3 Nc6 24. Rb5 Qe6 25. Qa2 a6 26. Rb6 Qf5 27. Bd2 Be5 28. Qa3 Bc7 29. R6b2 b6 30. Rxb6 Bxb6 31. Rxb6 Bd7 32. Nc5 Rfc8 33. Be4 Qh3 34. Bg2 Qf5 35. Be4 Qh3 36. Nxd7 Qxd7 37. Qc5 Nd8 38. Qe5 f6 39. Qd5+ Qxd5 40. Bxd5+ Kf8 41. Bxa8 Rxa8 42. Bb4 Kf7 43. Kf1 h5 44. Ke1 g5 45. Kd1 a5 46. Ba3 e5 47. Kc2 a4 48. Kb2 g4 49. Bb4 Ne6 50. Rb7+ Kg6 51. Ka3 Ng5 52. Bd6 Kf5 53. Rb6 Ke6 54. Bb4+ Kf7 55. c5 Nh3 56. c6 Ng1 57. Rb7+ Ke6 58. Rd7 Nxe2 59. Rd6+ Kf5 60. c7 Rc8 61. Ba5 Nc3 62. Bxc3 Rxc7 63. Ba5 Rc2 64. Kxa4 Rxf2 65. Bd8 Kg6 66. Kb3 Kf7 67. Kc4 Rf3 68. Kd5 Rf2 69. Rd7+ Kg6 70. Ke6 Rf3 71. Rf7 Rxd3 72. Bxf6 Re3 73. Rg7+ Kh6 74. Rg8 Ra3 75. Bxe5 Ra2 76. Bxd4 Kh7 77. Kf7 Kh6 1-0

[Event "79.ch-ITA"]
[Site "Padova ITA"]
[Date "2019.11.24"]
[Round "1.5"]
[White "Lodici, Lorenzo"]
[Black "Valsecchi, Alessio"]
[Result "1/2-1/2"]
[WhiteElo "2459"]
[BlackElo "2504"]
[Annotator "Gabriele Ballarin"]
[PlyCount "100"]
[EventDate "2019.11.24"]
[EventType "tourn"]
[EventRounds "11"]
[EventCountry "ITA"]
[EventCategory "9"]
[SourceTitle "The Week in Chess 1307"]
[Source "Mark Crowther"]
[SourceDate "2019.11.25"]
[SourceVersion "1"]
[SourceVersionDate "2019.11.25"]
[SourceQuality "2"]

1. d4 Nf6 2. c4 c5 3. d5 g6 4. Nc3 Bg7 5. e4 O-O 6. Nf3 d6 7. h3 e5 8. Bd3 a6 9. Be3 Nh5 10. g3 Qe8 11. Be2 f5 12. exf5 gxf5 13. Ng5 Nf6 14. Qd2 h6 15. Nf3 b5 16. Bxh6 Ra7 17. Bxg7 Rxg7 18. cxb5 axb5 19. Bxb5 Qh5 20. Be2 Ba6 21. Nh4 Qh7 22. Nf3 f4 23. gxf4 Ne4 24. Bd3 Bxd3 25. Qxd3 Rxf4 26. Nxe4 Rxe4+ 27. Kf1 c4 28. Qc3 Rf4 29. Ke2 e4 30. Nd4 Qh5+ 31. Kf1 Qxd5 32. Rg1 Rff7 33. Re1 Rxg1+ 34. Kxg1 Rg7+ 35. Kf1 Nd7 36. Re3 Kh7 37. Rg3 Rxg3 38. fxg3 Qh5 39. g4 Qh6 40. Ke2 Qf4 41. Qxc4 Nc5 42. Qd5 Qh2+ 43. Kd1 Qxb2 44. Nc2 Qb1+ 45. Kd2 e3+ 46. Kxe3 Qxc2 47. Qf7+ Kh8 48. Qf8+ Kh7 49. Qf7+ Kh8 50. Qf8+ Kh7 1/2-1/2

[Event "79.ch-ITA"]
[Site "Padova ITA"]
[Date "2019.11.24"]
[Round "1.6"]
[White "Basso, Pier Luigi"]
[Black "Gilevych, Artem"]
[Result "1-0"]
[WhiteElo "2563"]
[BlackElo "2437"]
[Annotator "Gabriele Ballarin"]
[PlyCount "80"]
[EventDate "2019.11.24"]
[EventType "tourn"]
[EventRounds "11"]
[EventCountry "ITA"]
[EventCategory "9"]
[SourceTitle "The Week in Chess 1307"]
[Source "Mark Crowther"]
[SourceDate "2019.11.25"]
[SourceVersion "1"]
[SourceVersionDate "2019.11.25"]
[SourceQuality "2"]

1. d4 d5 2. c4 e6 3. Nc3 a6 4. cxd5 exd5 5. Nf3 c6 6. e4 dxe4 7. Ng5 Be7 8. Bc4 Nh6 9. Ngxe4 Nf5 10. d5 O-O 11. Bf4 cxd5 12. Nxd5 Nc6 13. O-O Be6 14. Re1 b5 15. Bb3 Ncd4 16. Nxe7+ Nxe7 17. Bxe6 Nxe6 18. Bd6 Re8 19. Qg4 Nd5 20. Be5 Ra7 21. Rad1 Rd7 22. Rxd5 Rxd5 23. Nf6+ Kf8 24. Qb4+ Rc5 25. Nxe8 Kxe8 26. Qxc5 Nxc5 27. Bf6+ Ne6 28. Bxd8 Kxd8 29. g3 Kd7 30. Kg2 Kd6 31. Rd1+ Kc6 32. f4 g6 33. Kf3 f5 34. h3 h5 35. b4 Kc7 36. g4 hxg4+ 37. hxg4 fxg4+ 38. Kxg4 Kc6 39. Rh1 a5 40. bxa5 Kd5 1-0

[Event "79.ch-ITA"]
[Site "Padova ITA"]
[Date "2019.11.25"]
[Round "2.1"]
[White "Brunello, Sabino"]
[Black "Gilevych, Artem"]
[Result "1-0"]
[WhiteElo "2549"]
[BlackElo "2437"]
[Annotator "Gabriele Ballarin"]
[PlyCount "147"]
[EventDate "2019.11.24"]
[EventType "tourn"]
[EventRounds "11"]
[EventCountry "ITA"]
[EventCategory "9"]
[SourceTitle "The Week in Chess 1307"]
[Source "Mark Crowther"]
[SourceDate "2019.11.25"]
[SourceVersion "1"]
[SourceVersionDate "2019.11.25"]
[SourceQuality "2"]

1. e4 e6 2. d4 d5 3. Nd2 Nf6 4. e5 Nfd7 5. Bd3 c5 6. c3 b6 7. Ne2 Ba6 8. Bxa6 Nxa6 9. Nf3 b5 10. Nf4 Nb6 11. a4 bxa4 12. Rxa4 Nc7 13. Ra5 Nc4 14. Ra1 Qb8 15. b3 Nb6 16. O-O c4 17. b4 Nb5 18. Qc2 Be7 19. Nh5 Kd7 20. Bd2 Qg8 21. Ra5 Kc6 22. Rfa1 h6 23. Qd1 Qh7 24. Ne1 Bg5 25. Ng3 Bxd2 26. Qxd2 h5 27. h4 Qh6 28. f4 Qg6 29. Kh2 f5 30. Nf3 Qf7 31. Nf1 Qd7 32. Ne3 g6 33. Qc2 Kb7 34. Nd1 a6 35. Qa2 Kc6 36. Kg3 Ra7 37. Nd2 Rha8 38. Nb1 Kb7 39. Kh3 Nc8 40. Nb2 Nb6 41. Nd1 Nc8 42. Qf2 Nb6 43. Qg3 Rg8 44. Nb2 Qe7 45. Na3 Raa8 46. Qe1 Qd7 47. Nc2 Qf7 48. Kg3 Rh8 49. Ne3 Rhc8 50. Ned1 Rc6 51. Kh3 Nc7 52. Na4 Nxa4 53. R5xa4 Ra7 54. Nb2 Na8 55. Ra5 Nc7 56. Na4 Kc8 57. Nc5 Rb6 58. R1a2 Qe8 59. Qa1 Qc6 60. Kg3 Kd8 61. Kf3 Kc8 62. Ke3 Kd8 63. Kd2 Kc8 64. Qe1 Qe8 65. Qg3 Qe7 66. Ra1 Kd8 67. Qxg6 Qxh4 68. Qg5+ Qxg5 69. fxg5 Ke7 70. Rh1 Kf7 71. Rxh5 Kg6 72. Rh8 Kxg5 73. Rg8+ Kh4 74. Ra1 1-0

[Event "79.ch-ITA"]
[Site "Padova ITA"]
[Date "2019.11.25"]
[Round "2.2"]
[White "Valsecchi, Alessio"]
[Black "Basso, Pier Luigi"]
[Result "1/2-1/2"]
[WhiteElo "2504"]
[BlackElo "2563"]
[Annotator "Gabriele Ballarin"]
[PlyCount "52"]
[EventDate "2019.11.24"]
[EventType "tourn"]
[EventRounds "11"]
[EventCountry "ITA"]
[EventCategory "9"]
[SourceTitle "The Week in Chess 1307"]
[Source "Mark Crowther"]
[SourceDate "2019.11.25"]
[SourceVersion "1"]
[SourceVersionDate "2019.11.25"]
[SourceQuality "2"]

1. c4 c6 2. Nf3 d5 3. e3 Nf6 4. d4 Bg4 5. Nc3 e6 6. h3 Bh5 7. g4 Bg6 8. Ne5 Nbd7 9. h4 dxc4 10. Nxg6 hxg6 11. g5 Nd5 12. Bxc4 N7b6 13. Bf1 e5 14. dxe5 Bb4 15. Bd2 Qe7 16. Nxd5 Nxd5 17. a3 Bxd2+ 18. Qxd2 Qxe5 19. O-O-O O-O-O 20. Qd4 Qxd4 21. Rxd4 Nb6 22. Rf4 Rhf8 23. Bh3+ Kc7 24. Rd1 Rxd1+ 25. Kxd1 Nd5 26. Rd4 a5 1/2-1/2

[Event "79.ch-ITA"]
[Site "Padova ITA"]
[Date "2019.11.25"]
[Round "2.3"]
[White "Moroni, Luca Jr"]
[Black "Lodici, Lorenzo"]
[Result "1-0"]
[WhiteElo "2541"]
[BlackElo "2459"]
[Annotator "Gabriele Ballarin"]
[PlyCount "111"]
[EventDate "2019.11.24"]
[EventType "tourn"]
[EventRounds "11"]
[EventCountry "ITA"]
[EventCategory "9"]
[SourceTitle "The Week in Chess 1307"]
[Source "Mark Crowther"]
[SourceDate "2019.11.25"]
[SourceVersion "1"]
[SourceVersionDate "2019.11.25"]
[SourceQuality "2"]

1. e4 c6 2. Nf3 d5 3. d3 g6 4. e5 c5 5. c3 Nc6 6. Be2 Bg4 7. Qb3 Rb8 8. Bf4 e6 9. Nbd2 Bh6 10. Bxh6 Nxh6 11. Qa4 Bxf3 12. Nxf3 Nf5 13. h4 f6 14. g4 Ng7 15. Qb5 fxe5 16. Qxc5 Qf6 17. O-O-O Rc8 18. Kb1 Rf8 19. Rde1 Kd7 20. Bd1 b6 21. Qa3 Kc7 22. Rh3 h5 23. gxh5 Nxh5 24. Nxe5 Nxe5 25. Qxa7+ Kd6 26. Rhe3 Nc6 27. Rxe6+ Qxe6 28. Rxe6+ Kxe6 29. Bg4+ Kf6 30. Qxb6 Nf4 31. Qe3 g5 32. Bxc8 Rxc8 33. Qg3 Rg8 34. hxg5+ Kf5 35. Qh2 Ne5 36. Qh7+ Rg6 37. d4 Ned3 38. a4 Kxg5 39. a5 Re6 40. Qb7 Re1+ 41. Ka2 Re2 42. a6 Rxb2+ 43. Qxb2 Nxb2 44. a7 Na4 45. a8=Q Nxc3+ 46. Kb3 Ne4 47. Qg8+ Kf5 48. Qg1 Nd3 49. f3 Nd2+ 50. Kc2 Nxf3 51. Qe3 Nde1+ 52. Kd1 Kf6 53. Ke2 Kf5 54. Qe8 Kf4 55. Qg6 Nc2 56. Qf6+ 1-0

[Event "79.ch-ITA"]
[Site "Padova ITA"]
[Date "2019.11.25"]
[Round "2.4"]
[White "Di Benedetto, Edoardo"]
[Black "David, Alberto"]
[Result "1/2-1/2"]
[WhiteElo "2396"]
[BlackElo "2542"]
[Annotator "Gabriele Ballarin"]
[PlyCount "47"]
[EventDate "2019.11.24"]
[EventType "tourn"]
[EventRounds "11"]
[EventCountry "ITA"]
[EventCategory "9"]
[SourceTitle "The Week in Chess 1307"]
[Source "Mark Crowther"]
[SourceDate "2019.11.25"]
[SourceVersion "1"]
[SourceVersionDate "2019.11.25"]
[SourceQuality "2"]

1. d4 Nf6 2. c4 e6 3. Nc3 Bb4 4. e3 O-O 5. Bd3 c5 6. a3 Bxc3+ 7. bxc3 Nc6 8. Nf3 d6 9. e4 e5 10. d5 Ne7 11. O-O Ne8 12. Ne1 Ng6 13. Qc2 Qf6 14. Be3 Nf4 15. f3 Nxd3 16. Nxd3 Qg6 17. Nf2 f5 18. f4 exf4 19. Bxf4 fxe4 20. Qxe4 Bf5 21. Qe7 Rc8 22. Qxb7 Rc7 23. Qb2 Rcf7 24. Qd2 1/2-1/2

[Event "79.ch-ITA"]
[Site "Padova ITA"]
[Date "2019.11.25"]
[Round "2.5"]
[White "Barp, Alberto"]
[Black "Brunello, Marina"]
[Result "1/2-1/2"]
[WhiteElo "2382"]
[BlackElo "2378"]
[Annotator "Gabriele Ballarin"]
[PlyCount "85"]
[EventDate "2019.11.24"]
[EventType "tourn"]
[EventRounds "11"]
[EventCountry "ITA"]
[EventCategory "9"]
[SourceTitle "The Week in Chess 1307"]
[Source "Mark Crowther"]
[SourceDate "2019.11.25"]
[SourceVersion "1"]
[SourceVersionDate "2019.11.25"]
[SourceQuality "2"]

1. d4 d5 2. Nf3 Nf6 3. c4 c6 4. g3 Bf5 5. Nc3 e6 6. Nh4 Be4 7. f3 Bg6 8. Qb3 Qb6 9. c5 Qc7 10. Bf4 Qc8 11. e4 dxe4 12. Nxg6 hxg6 13. fxe4 Nbd7 14. e5 Nd5 15. Nxd5 cxd5 16. Rc1 Be7 17. Bd3 a6 18. Be3 g5 19. O-O Nb8 20. Qd1 Nc6 21. Qg4 f5 22. exf6 gxf6 23. Rce1 Qd7 24. Bg6+ Kd8 25. Bd2 Rh6 26. Bc2 f5 27. Rxf5 exf5 28. Bxf5 Qe8 29. Bxg5 Rh5 30. h4 Rxg5 31. hxg5 Qh8 32. g6 Bf6 33. Kg2 Bxd4 34. Rh1 Qe5 35. Rh7 Ne7 36. Be6 Qe3 37. Bxd5 Bf6 38. Be4 Kc7 39. Qe6 Qd2+ 40. Kf3 Qd1+ 41. Kg2 Qd2+ 42. Kf3 Qd1+ 43. Kg2 1/2-1/2